000 00253nam a22001217a 4500
008 180807b xxu||||| |||| 00| 0 eng d
041 _aeng
080 _a574
100 _a9
101 _aMJE
245 _aPlants and Seeds
_cWalker,C
942 _2udc
_cBK
999 _c46928
_d46928